Word Ladder: Anniversary Gifts Quiz Stats

 Plays Quiz Updated Aug 3, 2019

Score 0/21 Timer 02:00
0 Plays Today
Clue 4-Letter Word % Correct
40th anniversary gift
Blood red gemstone
• RUBY •
98.5%
____ Garland, actress who played DorothyJUDY
97.1%
Reduced price for an itemSALE
96.1%
Former NYC mayor GiulianiRUDY
96%
Superior or Erie, e.g.LAKE
95.3%
Japanese rice wineSAKE
94.6%
13th (US) anniversary gift
Shoe tying necessity
• LACE •
94%
35th (US) anniversary gift
Green mineral in Asian art
• JADE •
93.7%
Fee for using a highwayTOLL
93.6%
Obscure subject of a Beatles song?JUDE
93.1%
Base of a windowSILL
92.2%
Clue 4-Letter Word % Correct
7th anniversary gift
Sheep's fiber
• WOOL •
92%
Cash registerTILL
91.8%
Heavy club weapon (or pepper spray)MACE
91.4%
Opposite of evilGOOD
90.7%
50th anniversary gift
Top Olympic medal
• GOLD •
90%
5th anniversary gift
Golf club type
• WOOD •
88.2%
Fully initiated in the MafiaMADE
88.2%
12th (US) or 4th (UK) anniversary gift
Insect's fiber
• SILK •
87.8%
Polio vaccine developer JonasSALK
87.1%
'Sober' and 'Schism' bandTOOL
85.4%

Today's Daily Dose

Missing Word
Sherlocks

Word Ladder
King of the Hill

Quick Pick
Songs in Pink

Get the Picture
NBA Teammates

You're not logged in!

Compare scores with friends on all Sporcle quizzes.
OR
Log In

Sporcle TV

Today on Sporcle TV


Watch our educational content, quiz creation guides, and fun videos on Sporcle TV.

Show Comments

Extras

Top Quizzes Today


Score Distribution

Your Account Isn't Verified!

In order to create a playlist on Sporcle, you need to verify the email address you used during registration. Go to your Sporcle Settings to finish the process.

Report this User

Report this user for behavior that violates our Community Guidelines.

Details: